Borussia Monchengladbach Biggest Transfers - Statistics

General Stats
  • This quiz has been taken 92 times
  • The average score is 70 of 126
Answer Stats
% Correct
Incomings Belgium LW Thorgan Hazard 15/16 Chelsea
100%
Incomings Belgium LW Thorgan Hazard 14/15 Chelsea
100%
Outgoings Belgium LW Thorgan Hazard 19/20 Borussia Dortmund
100%
Incomings Switzerland GK Yann Sommer 14/15 Basel
100%
Outgoings Switzerland GK Yann Sommer 22/23 Bayern Munich
100%
Incomings France ST Alassane Plea 18/19 Nice
99%
Incomings Switzerland DM Granit Xhaka 12/13 Basel
99%
Outgoings Switzerland DM Granit Xhaka 16/17 Arsenal
99%
Incomings Switzerland ST Breel Embolo 19/20 Schalke
97%
Outgoings Switzerland ST Breel Embolo 22/23 Monaco
97%
Incomings Denmark CB Jannik Vestergaard 16/17 Werder Bremen
97%
Outgoings Denmark CB Jannik Vestergaard 18/19 Southampton
97%
Incomings Germany CB Matthias Ginter 17/18 Borussia Dortmund
97%
Incomings Switzerland DM Denis Zakaria 17/18 Young Boys
96%
Outgoings Switzerland DM Denis Zakaria 21/22 Juventus
96%
Incomings Germany AM Jonas Hofmann 15/16 Borussia Dortmund
93%
Outgoings Germany AM Jonas Hofmann 23/24 Bayer Leverkusen
93%
Incomings Netherlands ST Luuk de Jong 12/13 Twente
93%
Outgoings Netherlands ST Luuk de Jong 14/15 PSV
93%
Outgoings Netherlands ST Luuk de Jong 13/14 Newcastle United
93%
Incomings Germany DM Christoph Kramer 16/17 Bayer Leverkusen
91%
Incomings France ST Marcus Thuram 19/20 Guingamp
91%
Incomings Austria RB Stefan Lainer 19/20 RB Salzburg
91%
Incomings Germany AM Marco Reus 09/10 Rot Weiss Ahlen
90%
Outgoings Germany AM Marco Reus 12/13 Borussia Dortmund
90%
Incomings Algeria LB Ramy Bensebaini 19/20 Rennes
88%
Incomings Czech Republic ST Tomas Cvancara 23/24 Sparta Prague
88%
Incomings Italy LW Vincenzo Grifo 17/18 Freiburg
88%
Outgoings Italy LW Vincenzo Grifo 18/19 Hoffenheim
88%
Incomings France RW Franck Honorat 23/24 Brest
87%
Incomings Switzerland GK Jonas Omlin 22/23 Montpellier
87%
Incomings Germany DM Julian Weigl 23/24 Benfica
87%
Incomings Japan CB Ko Itakura 22/23 Manchester City
87%
Outgoings Germany GK Marc-Andre ter Stegen 14/15 Barcelona
85%
Incomings Austria LW Hannes Wolf 21/22 RB Leipzig
84%
Incomings Austria LW Hannes Wolf 20/21 RB Leipzig
84%
Incomings France CM Manu Kone 20/21 Toulouse
84%
Incomings Germany AM Lars Stindl 15/16 Hannover
82%
Incomings Germany CB Marvin Friedrich 21/22 Union Berlin
82%
Incomings Switzerland CB Nico Elvedi 15/16 Zurich
82%
Incomings Germany LB Luca Netz 21/22 Hertha Berlin
79%
Incomings France RW Nathan Ngoumou 22/23 Toulouse
78%
Incomings Brazil SS Raffael 13/14 Dynamo Kyiv
78%
Incomings Brazil CB Dante 08/09 Standard Liege
76%
Outgoings Brazil CB Dante 12/13 Bayern Munich
76%
Incomings United States RB Joe Scally 20/21 New York City
76%
Incomings Spain CB Alvaro Dominguez 12/13 Atletico Madrid
75%
Incomings Paraguay ST Raul Bobadilla 09/10 Grasshoppers
74%
Incomings Paraguay ST Raul Bobadilla 17/18 Augsburg
74%
Outgoings Paraguay ST Raul Bobadilla 18/19 Argentinos Juniors
74%
Outgoings Paraguay ST Raul Bobadilla 11/12 Young Boys
74%
Incomings Switzerland ST Josip Drmic 15/16 Bayer Leverkusen
72%
Outgoings Switzerland ST Josip Drmic 15/16 Hamburg
72%
Incomings Venezuela LM Juan Arango 09/10 Mallorca
72%
Outgoings Germany CB Jordan Beyer 23/24 Burnley
71%
Incomings Italy CB Fabio Chiarodia 23/24 Werder Bremen
69%
Incomings Slovakia CM Laszlo Benes 16/17 Zilina
69%
Outgoings Slovakia CM Laszlo Benes 22/23 Hamburg
69%
Incomings Germany SS Max Kruse 13/14 Freiburg
69%
Outgoings Germany SS Max Kruse 15/16 Wolfsburg
69%
Incomings Germany RW Andre Hahn 14/15 Augsburg
66%
Outgoings Germany RW Andre Hahn 17/18 Hamburg
66%
Outgoings Germany CM Mahmoud Dahoud 17/18 Borussia Dortmund
66%
Incomings Germany LW Robin Hack 23/24 Arminia Bielefeld
65%
Incomings Germany LB Nico Schulz 15/16 Hertha Berlin
62%
Outgoings Germany LB Nico Schulz 17/18 Hoffenheim
62%
Incomings Austria RM Valentino Lazaro 20/21 Inter Milan
60%
Outgoings France CM Michael Cuisance 19/20 Bayern Munich
57%
Incomings Belgium ST Igor de Camargo 10/11 Standard Liege
54%
Outgoings Belgium ST Igor de Camargo 13/14 Hoffenheim
54%
Incomings Denmark CM Oscar Fraulo 22/23 Midtjylland
54%
Outgoings Germany AM Marko Marin 09/10 Werder Bremen
49%
Incomings United States CM Michael Bradley 08/09 Heerenveen
47%
Outgoings United States CM Michael Bradley 11/12 Chievo Verona
47%
Outgoings Germany LB Marcell Jansen 07/08 Bayern Munich
46%
Incomings Germany CM Stefan Effenberg 95/96 Fiorentina
44%
Outgoings Germany CM Stefan Effenberg 98/99 Bayern Munich
44%
Outgoings Germany CM Stefan Effenberg 90/91 Bayern Munich
44%
Incomings Switzerland RB Michael Lang 18/19 Basel
43%
Outgoings Germany RB Julian Korb 17/18 Hannover
41%
Outgoings Germany DM Lothar Matthaus 84/85 Bayern Munich
40%
Incomings Austria CB Martin Hinteregger 15/16 RB Salzburg
38%
Incomings France CB Timothee Kolodziejczak 16/17 Sevilla
38%
Outgoings France CB Timothee Kolodziejczak 17/18 Tigres UANL
38%
Outgoings Sweden CB Patrik Andersson 99/00 Bayern Munich
37%
Incomings Belgium GK Logan Bailly 08/09 Genk
34%
Incomings Denmark LB Andreas Poulsen 18/19 Midtjylland
32%
Incomings Algeria RW Karim Matmour 08/09 Freiburg
31%
Incomings Togo ST Peniel Mlapa 12/13 Hoffenheim
31%
Incomings Canada ST Rob Friend 07/08 Heerenveen
31%
Outgoings Canada ST Rob Friend 10/11 Hertha Berlin
31%
Outgoings Switzerland CM Djibril Sow 17/18 Young Boys
29%
Outgoings Germany LW Amin Younes 15/16 Ajax
26%
Outgoings Germany ST Heiko Herrlich 95/96 Borussia Dortmund
26%
Incomings England LB Keanan Bennetts 18/19 Tottenham Hotspur
25%
Incomings Paraguay ST Julio Villalba 16/17 Cerro Porteno
19%
Outgoings Sweden ST Martin Dahlin 96/97 Roma
18%
Incomings Austria ST Toni Polster 98/99 Koln
18%
Incomings Czech Republic ST Vaclav Sverkos 03/04 Banik Ostrava
18%
Incomings Netherlands ST Arie van Lent 99/00 Greuther Furth
16%
Incomings Brazil CB Bamba Anderson 10/11 Tombense
16%
Incomings Belgium ST Wesley Sonck 05/06 Ajax
15%
Outgoings Belgium ST Wesley Sonck 07/08 Club Brugge
15%
Incomings Israel ST Roberto Colautti 07/08 Maccabi Haifa
13%
Incomings Brazil ST Kahe 05/06 Palmeiras
12%
Incomings Argentina AM Federico Insua 06/07 Boca Juniors
10%
Outgoings Argentina AM Federico Insua 07/08 Club America
10%
Incomings Ivory Coast CB Steve Gohouri 06/07 Young Boys
10%
Incomings Denmark RB Kasper Bogelund 05/06 PSV
9%
Outgoings Germany RM Sebastian Deisler 99/00 Hertha Berlin
9%
Outgoings Germany AM Uwe Rahn 88/89 Koln
7%
Incomings Switzerland RM David Degen 06/07 Basel
6%
Incomings Czech Republic CM Ivo Ulich 01/02 Slavia Prague
6%
Incomings Sweden LW Jorgen Pettersson 95/96 Malmo
6%
Outgoings Sweden LW Jorgen Pettersson 99/00 Kaiserslautern
6%
Outgoings Germany LM Marcel Ketelaer 00/01 Hamburg
6%
Outgoings Poland ST Andrzej Juskowiak 98/99 Wolfsburg
4%
Incomings Czech Republic ST Marek Heinz 04/05 Banik Ostrava
4%
Outgoings Czech Republic ST Marek Heinz 05/06 Galatasaray
4%
Incomings Germany RB Matthias Zimmermann 11/12 Karlsruher
4%
Incomings Denmark CM Mikkel Thygesen 06/07 Midtjylland
4%
Outgoings Denmark CM Mikkel Thygesen 07/08 Midtjylland
4%
Incomings Denmark ST Morten Skoubo 02/03 Midtjylland
4%
Incomings Germany RM Daniel Felgenhauer 01/02 Greuther Furth
3%
Incomings Netherlands DM Marcel Meeuwis 09/10 Roda
3%
Incomings Germany ST Markus Feldhoff 98/99 Bayer Leverkusen
3%
No matching quizzes found
Score Distribution
Percent of People with Each Score
Percentile by Number Answered
Your Score History
You have not taken this quiz